000 00719cam a2200217 4500
001 ABS62100
008 000000n2000 000 0 eng u
035 _a(Sirsi) u104919
100 _aInnes, G.
245 _aContracts (Rights of Third Parties) - the new law
260 _c2000
490 _aFacilities Management
_v7(5) March 2000, 20-21(2)
520 _aFrom an FM viewpoint outlines the implications of the rights introduced by the Contracts (Rights of Third Parties) Act.
590 _aABS
650 _aBUILT ENVIRONMENT-BUILDING CONTRACT FORMS
650 _aCONTRACTS (RIGHTS OF THIRD PARTIES) ACT 1999
650 _aContracts
_96232
650 _aTHIRD PARTY RIGHTS
690 _aLAW
942 _n0
999 _c62942
_d62942